Ασφαλιστικό ναι περιοδικό επικοινωνίας.

Αποθηκεύτηκε σε:
Λεπτομέρειες βιβλιογραφικής εγγραφής
Μορφή: Περιοδική έκδοση
Γλώσσα:Greek
Δημοσίευση: Αθήνα : [χ.ό.], [19--]-
Θέματα:
Ετικέτες: Προσθήκη ετικέτας
Δεν υπάρχουν, Καταχωρήστε ετικέτα πρώτοι!

MARC

LEADER 00000nas a2200000 i 4500
001 1/99070
008 040527c19 9999gr gre
035 |l 10056743  
040 |a GR-MY-UA  |b gre   |e aacr  
041 0 |a gre 
082 0 |a 368.006  
245 1 0 |a Ασφαλιστικό ναι   |h [περιοδικό] :   |b περιοδικό επικοινωνίας.  
260 |a Αθήνα :   |b [χ.ό.],   |c [19--]-  
300 |a τ. :   |b εικ. ;   |c 29 εκ.  
310 |a Διμηνιαίο  
500 |a Ανεξάρτητο διμηνιαίο επιστημονικό περιοδικό του ασφαλιστή  
650 0 0 |a Insurance companies  |x Management  |x Periodicals. 
853 |a INST  |b CHIOS  |c SER  |h 368.006 
901 |a BIBL2-2004-2  
920 |a ΔΩΡΕΑ ΒΙΒΛΙΟΘΗΚΗΣ  |y ΧΙΟΣ  |z 1992-12 
970 |a ΣΑΛΑΜΟΥΡΑ  |b ΜΑΡΙΑ  |z 2004/05/27